00811nam a2200205Ia 4500003000900000008004100009040001600050080002600066100003000092245010700122260006800229300001800297490006700315650004100382650002400423700003100447942000700478999001700485952010300502IN-BaIIA211028s9999 xx 000 0 eng d cIIA Library a524.316.7(082.2)bJOH aJohnson, Hollis R.917497 4aThe M-type starscHollis R. Johnson and Francois R. Querci  aWashingtonbNational Aeronautics and Space Administrationc1986 alxxxii, 502p. aMongraph series on nonthermal phenomena in stellar atmospheres aAstronomy and astrophysics thesaurus aM-type stars917498 aQuerci, Francois R.917499 cBK c10288d10288 00104070aBANbBANcGENd1992-01-31l0o524.316.7(082.2)/ JOHp11198r2021-11-05w1992-01-31yBK